Toma de decisiones (Maestra̕ en gerencia y liderazgo educacional)

Este md̤ulo sobre toma de decisiones est ̀compuesto por las siguientes partes:ObjetivosImportanciaEl problemaLa informacin̤Toma de decisiones individualToma de decisiones en grupoModelo de utilidad multiatributoℓrbol de decisiones

Saved in:
書目詳細資料
其他作者: Barreno Sergio, UTPL Videoconferencias
格式: 圖書
語言:西班牙语
主題:
在線閱讀:Toma de decisiones (Maestra̕ en gerencia y liderazgo educacional)
標簽: 添加標簽
沒有標簽, 成為第一個標記此記錄!

MARC

LEADER 00000nam a22000004a 4500
001 vpro3206
005 20201223000000.0
008 121019s2012 ck # g## #001 0#spa#d
020
022
040 |a CO-BoINGC 
041 0 |a spa 
245 1 0 |a Toma de decisiones (Maestra̕ en gerencia y liderazgo educacional) 
246 |a Decision making (Masters degree in management and educational leadership) 
264 |a Bogot ̀(Colombia) :  |b Revista VirtualPRO,  |c 2012 
520 3 |a Este md̤ulo sobre toma de decisiones est ̀compuesto por las siguientes partes:ObjetivosImportanciaEl problemaLa informacin̤Toma de decisiones individualToma de decisiones en grupoModelo de utilidad multiatributoℓrbol de decisiones 
650 \ \ |a Gestin̤ de proyectos 
650 \ \ |a Evaluacin̤ de proyectos 
650 \ \ |a Toma de decisiones 
650 \ \ |a Project management 
650 \ \ |a Project evaluation 
650 \ \ |a Decision making 
650 \ \ |a proyectos de ingeniera̕ 
650 \ \ |a toma de decisiones 
650 \ \ |a engineering projects 
650 \ \ |a decision making 
650 \ \ |a   
700 \ \ |a Barreno Sergio  
700 \ \ |a UTPL Videoconferencias. 
856 |z Toma de decisiones (Maestra̕ en gerencia y liderazgo educacional)  |u https://virtualpro.unach.elogim.com/biblioteca/toma-de-decisiones-maestria-en-gerencia-y-liderazgo-educacional--3206